Đề xuất các giải pháp thoát nước bền vững cho thành phố Đà Nẵng - nghiên cứu áp dụng cho lưu vực Thạc Gián, Vĩnh Trung, Đà Nẵng [Thesis-Luận văn thạc sĩ]

محفوظ في:
التفاصيل البيبلوغرافية
التنسيق: كتاب
اللغة:Vietnamese
منشور في: Đại học Đà Nẵng 2012
الوسوم: إضافة وسم
لا توجد وسوم, كن أول من يضع وسما على هذه التسجيلة!
Thư viện lưu trữ: Mạng thư viện Đại học Đà Nẵng
LEADER 01108nam a2200289 a 4500
001 000001566
003 04576
005 20171229145311.0
008 171229s2012 vie
040 |a LSK 
041 0 |a VIE 
082 0 |a 628.21 NG-V 
245 0 0 |a Đề xuất các giải pháp thoát nước bền vững cho thành phố Đà Nẵng - nghiên cứu áp dụng cho lưu vực Thạc Gián, Vĩnh Trung, Đà Nẵng [Thesis-Luận văn thạc sĩ]  |c Nguyễn Hồng Vy ; Trần Đức Hạ hướng dẫn. 
260 |b Đại học Đà Nẵng  |c 2012 
300 |a 150 pages  |c 27 cm. 
852 |a Phòng Đọc 
901 |a 1 
927 |a Khóa luận 
OWN |a LSK 
AVA |a UDN50  |b LSK  |d 628.21 NG-V  |e available  |t Error 5001 Not defined in file expand_doc_bib_avail.  |f 1  |g 0  |h N  |i 0  |k 1 
999 |a From the UDN01 
AVA |a UDN50  |b LSK  |d 628.21 NG-V  |e available  |t Error 5001 Not defined in file expand_doc_bib_avail.  |f 1  |g 0  |h N  |i 0  |k 1 
TYP |a Monograph 
TYP |a Printed language 
980 |a Mạng thư viện Đại học Đà Nẵng